[Event "Codogno op 2nd"]
[Site "Codogno"]
[Date "2010.09.26"]
[Round "5"]
[White "Ferretti, Alessandro"]
[Black "Bonade, Massimo"]
[Result "1-0"]
[WhiteElo "1940"]
[BlackElo "2092"]
[PlyCount "96"]
[EventDate "2010.09.24"]
[EventType "swiss"]
[EventRounds "5"]
[EventCountry "ITA"]
[SourceTitle "CBM 138 Extra"]
[Source "ChessBase"]
[SourceDate "2010.10.29"]
[SourceVersion "1"]
[SourceVersionDate "2010.10.29"]
[SourceQuality "1"]

1. e4 c5 2. Nf3 d6 3. d4 cxd4 4. Nxd4 Nf6 5. Nc3 a6 6. Bg5 e6 7. f4 Be7 8. Qf3 Qc7 9. 0-0-0 Nbd7 10. g4 b5 11. Bxf6 Bxf6 12. f5 Bxd4 13. Rxd4 0-0 14. Qd1 Nc5 15. b4 Na4 16. Nxa4 bxa4 17. Rc4 Qe7 18. Bd3 Bb7 19. Re1 Rfd8 20. e5 dxe5 21. Rxe5 Qd6 22. Qe1 Bd5 23. Rc5 a5 24. fxe6 Bxe6 25. b5 Rac8 26. Qc3 Rxc5 27. Qxc5 Qb8 28. Kb2 Rc8 29. Qe3 Qc7 30. Bf5 a3+ 31. Kxa3 Qd6+ 32. Kb2 Qb4+ 33. Kc1 Rf8 34. Qd3 Qf4+ 35. Qe3 Qxh2 36. Bxe6 fxe6 37. Rxe6 Qh1+ 38. Kb2 Qd5 39. Re5 Qd7 40. g5 Rc8 41. Rc5 Rb8 42. a4 Rf8 43. Qc3 Qd8 44. Qb3+ Kh8 45. Qc3 Re8 46. g6 hxg6 47. Rc7 Qf6 48. b6 Re4 1-0